01187nab a22002057a 4500003000400000005001700004008004100021040000700062100001900069245008900088260007300177300001500250500007100265505033100336505008900667650002900756650002600785650003800811773013200849OSt20251226213437.0190603e xxum|||| |||| 00| 0 spa d cPJ aLucero, Laura 10aAdicción algorítmica. Principio de prevención y precaución /cLaura Lucero.  cCiudad Autónoma de Buenos Aires :aThomson Reuters La Ley, b2025. ap. 199-207 aCita: TR LALEY AR/DOC/1048/2025 Publicado en: RCCyC 2025 (junio). aSumario: I. Introducción.— II. La adicción a las nuevas tecnologías y sus factores de riesgo.— III. Función preventiva de la responsabilidad civil. Fundamentos y legitimación.— IV. Presupuestos de la acción preventiva.— V. Conclusiones. Estrategias de prevención. Aplicación del principio precautorio.  t¿Te interesa el texto completo? Solicitalo al correo: koha@justierradelfuego.gov.ar 0aCODIGO CIVIL Y COMERCIAL 0aRESPONSABILIDAD CIVIL 0aNUEVAS TECNOLOGIAS DE INFORMACION0 02713dCiudad Autónoma de Buenos Aires : Thomson Reuters La Ley, 2015-tRevista Código Civil y Comercial. Nº 3 - Junio 2025